000 00423nam a22001697a 4500
003 NUST - PNEC
005 20170116181152.0
008 151201b xxu||||| |||| 00| 0 eng d
020 _a8170940494
040 _cLIBRARY
082 _a355.00954 KAD
100 _915502
_aKadian, Rajesh
245 _aIndia and its army
_cRajesh Kadian,
260 _cc1990.
650 _915503
_aIndia. Army
_xGeneral
942 _2ddc
_cBK
999 _c70991
_d70991